000 01332cam a22003617a 4500
001 13630938
003 ARRUPE
005 20211007141611.0
008 040621s2003 enka b 001 0 eng d
010 _a 2005362707
015 _aGBA3-Y7514
020 _a0714126373
035 _a(OCoLC)ocm51738432
040 _aUKM
_cUKM
_dC#P
_dUNA
_dDLC
042 _alccopycat
050 0 0 _aNX650.M45
_bM33 2003
082 0 4 _a069.0942134
_221
100 1 _aMack, John.
_950334
245 1 4 _aThe museum of the mind :
_bart and memory in world cultures /
_cJohn Mack.
260 _aLondon :
_bBritish Museum Press,
_c2003.
300 _a160 p. :
_bill. (chiefly col.) ;
_c25 cm.
500 _aPublished in connection with an exhibition held at the British Museum.
504 _aIncludes bibliographical references (p. 152-156) and index.
650 0 _aMemory in art.
_950335
650 0 _aArt and history.
_950336
650 0 _aArt and society.
_911560
650 0 _aMemory (Philosophy)
_950337
650 0 _aCulture.
710 2 _aBritish Museum.
_950338
906 _a7
_bcbc
_ccopycat
_d2
_encip
_f20
_gy-gencatlg
942 _2lcc
_cMONOGRAPH
999 _c130712
_d130712